00453cam a22001452 4500001001100000005001700011008004100028020002600069040001500095100003800110245008800148260002800236300001100264700003200275000000743520151217160113.0080205s xx 000 0 eng d a075286646x :cKES 690 aKABUcKABU1 aGoscinny,d1926-1977.@000000169410aAsterix and Caesar's gift /cwritten by Rene Goscinny and illus. by Albert Uderzo. aLondon :bOrion,c2004. a48 p.1 aUderzo, Albert.@0000158662